000 00460nam a2200145Ia 4500
008 231129s2004||||xx |||||||||||||| ||spa||
020 _a958-96709-2-X
040 _bspa
082 _a624.171 M971c
100 _aMuñoz Muñoz Harold Alberto
245 0 _aConstrucción de estructuras
260 _c2004
264 _aBogotá Colombia : Asociación Colombiana de Productores de Concreto - Asoconcreto
942 _2ddc
_cBKS
999 _c7972
_d7972